Mort subite Les départements et les grands fleuves - Statistiques

Statistiques générales
  • Ce quiz a été pris 75 fois
  • Le résultat moyen est 11 sur 39
Answers on the Grid
Answers color-coded by a green-red scale on the quiz's grid according to % correct below.
Allier
Côte-d'or
Haute-Marne
Ain
Corrèze
Haute-Corse
Oise
Morbihan
Pas-de-Calais
Orne
Vendée
Var
Doubs
Aisne
Yonne
Bouches-du-Rhône
Somme
Finistère
Essonne
Meurthe-et-Moselle
Corrèze
Aube
Seine-Maritime
Territoire-de-Belfort
Nord
Haute-Garonne
Saône-et-Loire
Sarthe
Seine-et-Marne
Alpes-Maritimes
Loiret
Eure
Charente-Maritime
Hauts-de-Seine
Aveyron
Haute-Saône
Meuse
Aude
Maine-et-Loire
Vaucluse
Seine-Saint-Denis
Hautes-Alpes
Haut-Rhin
Mayenne
Ardèche
Jura
Nièvre
Loir-et-Cher
Côtes-d'Armor
Val-de-Marne
Lot-et-Garonne
Moselle
Dordogne
Deux-Sèvres
Ille-et-Vilaine
Cher
Val-d'Oise
Bas-Rhin
Gard
Landes
Creuse
Vosges
Corse-du-Sud
Gironde
Gers
Pyrénées-Atlantiques
Indre
Haute-Loire
Lot
Pyrénées-Orientales
Vienne
Hérault
Indre-et-Loire
Cantal
Ardennes
Loire
Lozère
Hautes-Pyrénées
Haute-Vienne
Drôme
Charente
Tarn
Alpes-de-Haute-Provence
Marne
Isère
Ariègr
Rhône
Tarn-et-Garonne
Paris
Manche
Haute-Savoie
Calvados
Puy-de-Dôme
Savoie
Loire-Atlantique
Yvelines
 
Statistiques - réponses
Réponse % Correct
Rhône Ain
50%
Loire Allier
50%
Garonne Haute-Garonne
50%
Rhône / Loire Ardèche
33%
Rhin Bas-Rhin
33%
Rhône Bouches-du-Rhône
33%
Seine Côte-d'or
33%
Seine Eure
33%
Rhône Gard
33%
Garonne Gironde
33%
Loire Haute-Loire
33%
Rhin Haut-Rhin
33%
Seine Hauts-de-Seine
33%
Loire Loire
33%
Loire Loire-Atlantique
33%
Loire Loiret
33%
Garonne Lot-et-Garonne
33%
Loire Maine-et-Loire
33%
Loire Nièvre
33%
Seine Paris
33%
Rhône Rhône
33%
Loire Saône-et-Loire
33%
Seine Seine-et-Marne
33%
Seine Seine-Maritime
33%
Seine Seine-Saint-Denis
33%
Garonne Tarn-et-Garonne
33%
Seine Aube
17%
Loire Cher
17%
Rhône Drôme
17%
Rhône Haute-Savoie
17%
Loire Indre-et-Loire
17%
Rhône Isère
17%
Loire Loir-et-Cher
17%
Seine Val-de-Marne
17%
Seine Yvelines
17%
Seine Calvados
0%
Seine Essonne
0%
Seine Marne
0%
Seine Val-d'Oise
0%
Aucun quiz correspondant
Distribution des résultats
% des personnes avec chaque résultat
Percentile par nombre de réponses
Votre historique - résultats
Vous n’avez pas pris ce quiz